Catálogo
 En Linea
Vista normal Vista MARC

Entrada Nombre de reunión

Número de registros utilizados en: 1

001 - NÚMERO DE CONTROL

  • campo de control: 82196

003 - IDENTIFICADOR DEL NÚMERO DE CONTROL

  • campo de control: DO-SdBNP

005 - FECHA Y HORA DE LA ÚLTIMA TRANSACCIÓN

  • campo de control: 20220818170333.0

008 - DATOS DE LONGITUD FIJA

  • campo de control de longitud fija: 220818|| aca||aabn | a|a d

040 ## - FUENTE DE LA CATALOGACIÓN

  • Centro catalogador/agencia de origen: DO-SdBNP
  • Centro/agencia transcriptor: DO-SdBNP

111 ## - ENCABEZAMIENTO--NOMBRE DE CONGRESO/REUNIÓN

  • Nombre de congreso/reunión o jurisdicción como elemento de entrada: Congreso mundial de pastoral del turismo Bangkok
  • Sede del congreso/Lugar de la reunión: Tailandia)
  • Fecha del congreso/reunión: (2004 : 5-8 julio,
  • Número del congreso/reunión o número de parte o sección: (6to

670 ## - FUENTE DE DATOS ENCONTRADOS

  • Cita de la fuente: Work cat.: (DO-SdBNP)52291: Rosa y Carpio, Ramón Benito de la Mons. 63269, La acogida :, 2005.

Con tecnología Koha